<?xml version="1.0" encoding="UTF-8"?><?xml-stylesheet type="text/xsl" href="static/style.xsl"?><OAI-PMH xmlns="http://www.openarchives.org/OAI/2.0/" xmlns:xsi="http://www.w3.org/2001/XMLSchema-instance" xsi:schemaLocation="http://www.openarchives.org/OAI/2.0/ http://www.openarchives.org/OAI/2.0/OAI-PMH.xsd"><responseDate>2026-06-07T04:43:30Z</responseDate><request verb="GetRecord" identifier="oai:riuma.uma.es:10630/33473" metadataPrefix="marc">https://riuma.uma.es/rest/oai/request</request><GetRecord><record><header><identifier>oai:riuma.uma.es:10630/33473</identifier><datestamp>2026-02-03T12:15:46Z</datestamp><setSpec>com_10630_2254</setSpec><setSpec>col_10630_37959</setSpec></header><metadata><record xmlns="http://www.loc.gov/MARC21/slim" xmlns:dcterms="http://purl.org/dc/terms/" xmlns:doc="http://www.lyncode.com/xoai" xmlns:xsi="http://www.w3.org/2001/XMLSchema-instance" xsi:schemaLocation="http://www.loc.gov/MARC21/slim http://www.loc.gov/standards/marcxml/schema/MARC21slim.xsd">
   <leader>00925njm 22002777a 4500</leader>
   <datafield ind2=" " ind1=" " tag="042">
      <subfield code="a">dc</subfield>
   </datafield>
   <datafield ind2=" " ind1=" " tag="720">
      <subfield code="a">Rascón-Gómez, María Teresa</subfield>
      <subfield code="e">author</subfield>
   </datafield>
   <datafield ind2=" " ind1=" " tag="720">
      <subfield code="a">Calderón-Almendros, Ignacio</subfield>
      <subfield code="e">author</subfield>
   </datafield>
   <datafield ind2=" " ind1=" " tag="260">
      <subfield code="c">2024-09-11</subfield>
   </datafield>
   <datafield ind2=" " ind1=" " tag="520">
      <subfield code="a">The participatory social documentary has shown great potential as a research tool for social and educational transformation. Under  the critical paradigm and the methodological alternative of Participatory Action-Research, this documentary aims to provoke transformations, turning all the subjects involved (filmmakers, protagonists and spectators) into protagonists and narrators of the story. To do this, a group of activists for inclusive education and a team of researchers group of researchers from the University of Malaga linked to the research project “Emerging narratives about the inclusive school from the Social Model of Disability. Resistance, resilience and social change” (RTI2018-099218-A-I00, and financed by the Spanish Ministry of Science, Innovation and Universities), accompanied by the filmmaker Cecilia Barriga, come together to create a documentary piece that seeks to make viewers aware of the suffering of people who are discriminated at schools because of their gender, race or disability, as well as to involve them in transforming these conditions.</subfield>
   </datafield>
   <datafield ind1="8" ind2=" " tag="024">
      <subfield code="a">https://hdl.handle.net/10630/33473</subfield>
   </datafield>
   <datafield tag="653" ind2=" " ind1=" ">
      <subfield code="a">Educación inclusiva</subfield>
   </datafield>
   <datafield ind2="0" ind1="0" tag="245">
      <subfield code="a">Documenting a movement. Inclusive education as a protagonist.</subfield>
   </datafield>
</record>
</metadata></record></GetRecord></OAI-PMH>